Länder mit den höchsten Staatsausgaben - Statistiken

Allgemein
  • Dieses Quiz wurde 43 mal gespielt
  • Das Durchschnittsergebnis liegt bei 17 aus 20
Antwortstatistiken
Ausgaben Land % Korrekt
5,7 Bio. China
100%
2,1 Bio. Deutschland
98%
1,7 Bio. Frankreich
98%
10,1 Bio. USA
98%
926 Mrd. Kanada
95%
763 Mrd. Russland
93%
1,5 Bio. Vereinigtes Königreich
93%
913 Mrd. Brasilien
90%
1,1 Bio. Italien
90%
1,5 Bio. Japan
90%
520 Mrd. Mexiko
90%
722 Mrd. Spanien
90%
636 Mrd. Australien
85%
1,0 Bio. Indien
85%
417 Mrd. Polen
83%
394 Mrd. Südkorea
83%
500 Mrd. Niederlande
80%
334 Mrd. Belgien
73%
414 Mrd. Türkei
73%
339 Mrd. Saudi-Arabien
63%
Keine übereinstimmenden Quizze gefunden
Verteilung der Resultate
Anzahl Personen mit jedem Resultat
Perzentil nach korrekt beantworteten Fragen
Ihre Resultats-Entwicklung
Sie haben dieses Quiz noch nicht gespielt